5HLuxD.jpg

KING HENRY VIII SENIOR AND PRIMARY SCHOOL LIBRARY OPAC

RABBIT&BEAR (Record no. 5266)

000 -LEADER
fixed length control field 00635nam a22001457a 4500
008 - FIXED-LENGTH DATA ELEMENTS--GENERAL INFORMATION
fixed length control field 250829b ||||| |||| 00| 0 eng d
020 ## - INTERNATIONAL STANDARD BOOK NUMBER
International Standard Book Number 9781444921717
082 ## - DEWEY DECIMAL CLASSIFICATION NUMBER
Classification number 823.92 GOU
100 ## - MAIN ENTRY--PERSONAL NAME
Personal name GOUGH,JULIAN
Relator term AUTHOR
Language of a work ENGLISH
245 ## - TITLE STATEMENT
Title RABBIT&BEAR
Remainder of title THE PEST IN THE NEST
260 ## - PUBLICATION, DISTRIBUTION, ETC.
Place of publication, distribution, etc. CARMELITE HOUSE 50 VICTORIA EMBANKMENT LONDON EC4Y 0DZ
Name of publisher, distributor, etc. HODDER'S CHILDREN'S GROUP/IMPRINT OF HACHETTE'S CHILDREN'S GROUP
Date of publication, distribution, etc. 2017
300 ## - PHYSICAL DESCRIPTION
Extent 94 PAGES
Other physical details COLOUR ILLUSTRATIONS
500 ## - GENERAL NOTE
General note Between his friend Bear's snoring and annoying neighbors, Rabbit cannot find any peace and quiet, but perhaps Bear can give Rabbit a new perspective.
942 ## - ADDED ENTRY ELEMENTS (KOHA)
Source of classification or shelving scheme
Holdings
Withdrawn status Lost status Source of classification or shelving scheme Damaged status Not for loan Collection code Permanent Location Current Location Shelving location Source of acquisition Total Checkouts Full call number Barcode Date last seen Date last checked out Price effective from Koha item type Public note
          Fiction KH8 Primary School Library KH8 Primary School Library Fiction SOF 6 823.92 GOU KHPL000007056 2026-03-02 2026-02-23 2025-08-29 Books - Fiction PRIMARY LIBRARY

Powered By KH8 IT Dept